000 00341nam a2200133Ia 4500
008 220204s9999 xx 000 0 und d
082 _a577.123.5
_bBUR
100 _aBURDON, R H
245 0 _aR N A Biosyntheis
260 _aLondon
_bChapman & Hall
_c1976
490 _aOutline studies in biology
650 _aRNA Biosynthesis
942 _cBK
999 _c24342
_d24342